El gran árbol / (Record no. 143791)

MARC details
000 -LEADER
campo de control de longitud fija 01071nam a22003011 4500
001 - NÚMERO DE CONTROL
campo de control 143791
003 - IDENTIFICADOR DE NÚMERO DE CONTROL
campo de control SpMaBN
005 - FECHA Y HORA DE LA ÚLTIMA TRANSACCIÓN
campo de control 20250630060247.0
008 - DATOS DE LONGITUD FIJA--INFORMACIÓN GENERAL
campo de control de longitud fija 981210s1957 sp spa
016 7# - NÚMERO DE CONTROL DE UNA AGENCIA BIBLIOGRÁFICA NACIONAL
Número de control del registro bimoBNE20000214962
Número de control cancelado/no válido IND9800834607
Fuente SpMaBN
035 ## - NÚMERO DE CONTROL DEL SISTEMA
Número de control de sistema (OCoLC)432731205
040 ## - FUENTE DE CATALOGACIÓN
Centro catalogador/agencia de origen SpMaBN
Lengua de catalogación spa
Centro/agencia transcriptor CDM
Centro/agencia modificador ES-MaACL
080 ## - NÚMERO DE LA CLASIFICACIÓN DECIMAL UNIVERSAL
Número de la Clasificación Decimal Universal 82-311.2"19"
100 ## - ENTRADA PRINCIPAL--NOMBRE DE PERSONA
Nombre de persona Shellabarger, Samuel
Fechas asociadas al nombre 1888-1954
Número de control del registro de autoridad o número normalizado XX1120887
9 (RLIN) 227308
245 13 - MENCIÓN DEL TÍTULO
Título El gran árbol /
Mención de responsabilidad, etc. Samuel Shellabarger ; [versión de Vicente de Artadi]
260 ## - PUBLICACIÓN, DISTRIBUCIÓN, ETC.
Lugar de publicación, distribución, etc. Barcelona :
Nombre del editor, distribuidor, etc. Exito ;
-- [Duplex,
Fecha de publicación, distribución, etc. 1957]
300 ## - DESCRIPCIÓN FÍSICA
Extensión 341 p. ;
Dimensiones 21 cm
650 #0 - PUNTO DE ACCESO ADICIONAL DE MATERIA--TÉRMINO DE MATERIA
9 (RLIN) 227278
Término de materia o nombre geográfico como elemento de entrada Literatura norteamericana
Subdivisión cronológica S. XX
655 #7 - TERMINO DE INDIZACIÓN--GENERO/FORMA
Datos o término principal de género/forma Novelas históricas
Fuente del término tgfbne
9 (RLIN) 226782
700 1# - ENTRADA AGREGADA--NOMBRE PERSONAL
Nombre de persona Artadi, Vicente de
9 (RLIN) 23414
852 ## - LOCALIZACIÓN
Ubicación ES-MaACL
Sublocalización o colección R.41378
itemnumber 148987
Ubicación en estantería Ficheros
Número de control de estantería C-14508
942 ## - ELEMENTOS DE ENTRADA SECUNDARIOS (KOHA)
Fuente del sistema de clasificación o colocación Clasificación decimal universal
956 ## - LOCALIZACIÓN Y ACCESO ELECTRÓNICOS LOCAL (OCLC)
Nombre del host 1 2
980 ## - EQUIVALENCIA O REFERENCIA-CRUZADA-MENCIÓN DE SERIE--NOMBRE DE PERSONA/TÍTULO [LOCAL, CANADÁ]
Nombre de persona Tela amarilla
-- SpMaBN
Numeración BNMADRID
Calificador de atribución 7/28021
Filiación Proc. Dep. Legal
Títulos y otros términos asociados al nombre SG_RECOLET
980 ## - EQUIVALENCIA O REFERENCIA-CRUZADA-MENCIÓN DE SERIE--NOMBRE DE PERSONA/TÍTULO [LOCAL, CANADÁ]
Nombre de persona SpMaBN
Numeración BNALCALA
Calificador de atribución AHM/576649
Títulos y otros términos asociados al nombre SG_PETANTI
980 ## - EQUIVALENCIA O REFERENCIA-CRUZADA-MENCIÓN DE SERIE--NOMBRE DE PERSONA/TÍTULO [LOCAL, CANADÁ]
Nombre de persona SpMaBN
Numeración BNALCALA
Calificador de atribución AHM/657818
Títulos y otros términos asociados al nombre SG_PETANTI
Holdings
Estatus retirado Estado de pérdida Fuente del sistema de clasificación o colocación Estado de daño No para préstamo Biblioteca de origen Biblioteca actual Ubicación en estantería Fecha de adquisición Total de préstamos Signatura topográfica completa Código de barras Visto por última vez Precio de reemplazo Tipo de ítem Koha
    Clasificación decimal universal     Biblioteca del Ateneo de Madrid Biblioteca del Ateneo de Madrid Ficheros 17/01/2008   C-14508 1149604 23/02/2023 23/02/2023 Libro impreso